Capitals of South America With Map - Statistics

General Stats
  • This quiz has been taken 23 times
  • The average score is 11 of 13
Answers on the Map
Answers color-coded by a green-red scale on the quiz's map according to % correct below.
 
Answer Stats
Answer % Correct
Brasilia
100%
Buenos Aires
95%
Bogota
90%
Caracas
90%
Montevideo
85%
La Paz
80%
Lima
80%
Quito
80%
Santiago
80%
Georgetown
75%
Asuncion
70%
Paramaribo
70%
Sucre
65%
No matching quizzes found
Score Distribution
Percent of People with Each Score
Percentile by Number Answered
Your Score History
You have not taken this quiz